=LDR 00000nam 2200000 4500 =001 000459 =005 20250710084637 =035 ##$$a 0010-0725000321 =007 ta =008 250710################a##########0#ind## =020 ##$$a 978-623-307-372-1 =082 ##$$a 398.209 598 =084 ##$$a 398.209 598 BAN k =100 #$$a Bannerjee, Kanchan =245 1#$$a Kakakku Ani /$c Kanchan Bannerjee =250 ##$$a Cetakan Pertama =260 ##$$a Jakarta Timur :$b Badan Pengembangan dan Pembinaan Bahasa,$c 2024 =300 ##$$a 16 hlm. : $b ilus. ; $c 29,7 cm =856 ##$$a TBM As Suhada =990 ##$$a TBM02090209